[Event "Bugojno"]
[Site "Bugojno"]
[Date "1978.02.27"]
[Round "2"]
[White "Larsen, Bent"]
[Black "Balashov, Yuri S"]
[Result "1-0"]
[WhiteElo "2620"]
[BlackElo "2590"]
[Annotator "Bulletin"]
[PlyCount "81"]
[EventDate "1978.02.27"]
[EventType "tourn"]
[EventRounds "15"]
[EventCountry "YUG"]
[EventCategory "14"]
[SourceTitle "MCL"]
[Source "ChessBase"]
[SourceDate "1999.07.01"]
[SourceVersion "1"]
[SourceVersionDate "1999.07.01"]
[SourceQuality "1"]

1. c4 Nf6 2. Nc3 e6 3. Nf3 b6 4. b3 (4. e4 Bb7 5. Qe2 {Uhlmann-Spasov,
Cienfuegos 1973}) 4... Bb7 5. Bb2 Be7 6. e3 O-O 7. Be2 Re8 8. O-O a6 9. d4 d5
10. cxd5 exd5 11. Ne5 Bd6 12. f4 c5 13. Na4 Nbd7 14. Rc1 Rc8 15. Bf3 Nf8 16.
dxc5 Bxc5 (16... bxc5 17. Nc4 dxc4 18. Bxb7 Rb8) 17. Nxc5 bxc5 18. Qd2 Qb6 19.
Qc3 Rc7 $2 (19... Ne6) 20. Ng4 $1 (20. b4 Ne6) 20... N8d7 21. b4 $1 $16 Rec8
22. Nxf6+ Nxf6 23. bxc5 Rxc5 24. Qd2 Rxc1 25. Rxc1 Rxc1+ 26. Qxc1 Ne4 27. Bd4
Qb5 28. h3 Bc6 29. Kh2 f6 30. Be2 Qb7 31. Qa3 Bb5 32. Bg4 Kf7 33. Qa5 Ke7 $6 (
33... Qb8 $1) 34. Bf5 g6 35. Qb4+ Kf7 36. Bxe4 $18 dxe4 37. a4 Bc6 38. Qd6 Bxa4
39. Qxf6+ Ke8 40. Qh8+ Kd7 41. Qxh7+ 1-0

[Event "BUL-ch"]
[Site "Sofia"]
[Date "1996.??.??"]
[Round "1"]
[White "Spassov, Liuben"]
[Black "Berovski, Krum"]
[Result "0-1"]
[WhiteElo "2440"]
[BlackElo "2325"]
[Annotator "Bulletin"]
[PlyCount "78"]
[EventDate "1996.??.??"]
[EventType "k.o."]
[EventRounds "5"]
[EventCountry "BUL"]
[SourceTitle "EXT 1999"]
[Source "ChessBase"]
[SourceDate "1998.11.16"]
[SourceVersion "1"]
[SourceVersionDate "1998.11.16"]
[SourceQuality "1"]

1. c4 e6 2. g3 d5 3. Bg2 dxc4 4. Qa4+ Nd7 5. Qxc4 c5 6. Qb3 Rb8 7. d3 Bd6 (7...
b6 8. Bf4 Bb7 9. Bxb7 Rxb7 10. Na3 e5 11. Bd2 Ngf6 12. Nf3 Bd6 13. Ng5 Qe7 14.
Nc4 O-O 15. O-O Nb8 16. Ne4 Nxe4 17. dxe4 Nc6 18. Ne3 {1/2-1/2 Hoelzl,
F-Karolyi,T/Budapest NOVIKI 1988}) 8. a4 (8. Nc3 a6 9. Ne4 Bc7 10. Nf3 Ne7 11.
O-O O-O 12. Rd1 e5 13. Qc2 b6 14. b4 cxb4 15. d4 exd4 16. Rxd4 b5 {1-0 Hoelzl,
F-Lau,R/Budapest 1988}) 8... b6 9. Nf3 Ngf6 10. Na3 a6 11. O-O O-O 12. Nc4 Bc7
13. Bd2 Bb7 14. Rfc1 (14. Qc2 Qe7 15. e4 $6 h6 16. Rfe1 Rfd8 17. Rab1 b5 $15 {
Poldauf,D-Ribli,Z/GER-CupT/1993/}) 14... Qe7 15. Qa3 (15. Qd1 Rfe8 16. Qe1 Nd5
17. e4 Nb4 18. Bxb4 cxb4 {1-0 Rotstein,A-Hauchard,A/Paris (08) 1994}) 15... b5
16. axb5 (16. Ba5 Bxa5 17. Nxa5 Bd5 18. axb5 axb5 19. e4 Ba8 20. Qc3 Rfc8 $11 {
Nielsen,PH-Svistunov,K/Pinsk/1993/CBM38/}) 16... axb5 17. Ne3 Nd5 18. d4 Bd6
19. Qd3 c4 20. Qc2 N7f6 21. Nd1 Rfc8 22. e4 Nb4 23. Bxb4 Bxb4 24. e5 Nd5 25. h4
h6 26. Nc3 Qd7 27. Ra7 Bxc3 28. bxc3 Ra8 29. Rxa8 Rxa8 30. Nd2 Bc6 31. Ne4 Ra3
32. Qb2 Qa7 33. Nd6 Ra2 34. Qb1 Nxc3 35. Qb4 Ne2+ 36. Kh2 Nxc1 37. Bxc6 Qxd4
38. Ne4 Nd3 39. Qe7 Nxe5 0-1

[Event "ROM-GER Kings"]
[Site "Medias"]
[Date "2015.11.02"]
[Round "4.4"]
[White "Bluebaum, Matthias"]
[Black "Deac, Bogdan Daniel"]
[Result "1/2-1/2"]
[WhiteElo "2588"]
[BlackElo "2455"]
[Annotator "Bulmaga,I"]
[PlyCount "135"]
[EventDate "2015.10.30"]
[EventType "schev"]
[EventRounds "5"]
[EventCountry "ROU"]
[SourceTitle "CBM 169"]
[Source "ChessBase"]
[SourceDate "2015.11.10"]
[SourceVersion "1"]
[SourceVersionDate "2015.11.10"]
[SourceQuality "1"]
[WhiteTeam "Germany"]
[BlackTeam "Romania"]
[WhiteTeamCountry "GER"]
[BlackTeamCountry "ROU"]
[TimeControl "40/5400+30:1800+30"]

1. Nf3 Nf6 2. c4 e6 3. g3 d5 4. Bg2 dxc4 5. O-O Nbd7 6. Na3 Bxa3 {Eine
verpflichtende Entscheidung. Statt den Bauern festzuhalten, gibt Schwarz
seinen schwarzfeldrigen Läufer, um seine Entwicklung schnell abzuschließen
und anschließend die Schwächen der weißen Bauernstruktur auszunutzen.} 7.
bxa3 Rb8 8. Qc2 c5 9. Qxc4 b6 10. a4 Bb7 11. d4 {Vielleicht war es besser, die
weißen Felder mit 11.d3 unter Kontrolle zu halten.} (11. d3 O-O 12. Bb2 $11)
11... Rc8 12. Ba3 O-O 13. a5 Bd5 14. Qb5 Qc7 15. Rfc1 Rfd8 16. axb6 axb6 17.
Bb2 Ra8 18. dxc5 Nxc5 $6 (18... Ra5 19. Qd3 bxc5 $15 {Der Bauer auf c5 ist
viel gefährlicher als der a-Bauer. In dieser Stellung würde ich definitiv
lieber mit Schwarz spielen.}) 19. Bxf6 gxf6 20. Qb2 Kg7 21. Ne1 Bxg2 22. Nxg2
Ra6 23. Ne3 Rda8 $2 (23... Qe5 $11) 24. Ng4 $1 Qe7 25. Qd2 $16 Kh8 26. Qh6 Qf8
27. Qxf6+ Qg7 28. Rc2 Ra4 29. Qxg7+ Kxg7 30. Ne3 {[#] Weiß hat einen Bauern
mehr, aber es ist nicht leicht, den materiellen Vorteil in einen Punkt zu
verwandeln. Die schwarzen Figuren stehen sehr aktiv und er hat gute Chancen,
Remis zu halten.} R8a6 31. Kg2 Ne4 32. h4 b5 33. Kf3 Nd6 34. Rd1 Kf8 35. Rb2
Ke7 36. Rdd2 Ra3 37. Rdc2 R6a4 38. Kg2 Kd7 39. Nf1 Rc4 40. Nd2 Rxc2 41. Rxc2
Ra4 42. e3 h6 43. Kf3 f5 44. Nb3 Ke7 45. Nc5 Ra7 46. Nb3 Ra4 47. Nd4 e5 48. Ne2
Ke6 49. h5 Ra3 50. Nc3 b4 51. Nb1 Ra4 52. Nd2 Nb5 53. Nb3 Ra3 54. Rc4 (54. Rc6+
Kf7 55. Rxh6 Rxa2 $13) 54... Rxa2 55. Rxb4 Nc3 56. g4 Nd1 57. Rb6+ Kd5 58. gxf5
Rxf2+ 59. Kg3 Rxf5 60. Rxh6 Nxe3 61. Rh8 Rg5+ 62. Kf3 Nf5 63. Rd8+ Kc6 64. Na5+
Kb5 65. Rd5+ Ka6 66. Rxe5 Rxh5 67. Kg4 Ng3 68. Rxh5 1/2-1/2

[Event "Jermuk FIDE GP (Women)"]
[Site "Jermuk"]
[Date "2012.07.24"]
[Round "7"]
[White "Kovalevskaya, Ekaterina"]
[Black "Khurtsidze, Nino"]
[Result "0-1"]
[WhiteElo "2417"]
[BlackElo "2456"]
[Annotator "CB"]
[PlyCount "92"]
[EventDate "2012.07.16"]
[EventType "tourn"]
[EventRounds "11"]
[EventCountry "ARM"]
[EventCategory "11"]
[SourceTitle "CBM 150"]
[Source "ChessBase"]
[SourceDate "2012.09.14"]
[SourceVersion "1"]
[SourceVersionDate "2012.09.14"]
[SourceQuality "1"]

{The organizers, as well as the many fans of chess, were happy to see Nino
Khurtsidze register her first victory, and that with the black pieces, over
Ekaterina Kovalevskaya. Black equalized out of the opening and then, with
initiative in hand, began to dictate the play.} 1. c4 Nf6 2. Nf3 e6 3. g3 d5 4.
b3 d4 5. Bg2 c5 6. e3 Nc6 7. exd4 cxd4 8. O-O Bd6 9. d3 h6 10. Ba3 O-O 11. Bxd6
Qxd6 12. a3 a5 13. Nbd2 e5 14. Qe2 Bf5 15. Rfe1 Rfe8 16. Nh4 Bh7 17. Ne4 Bxe4
18. Bxe4 Nxe4 19. Qxe4 g6 20. Re2 Rad8 21. g4 Re6 22. Kh1 Rf6 23. Ng2 Rb8 24.
a4 $2 {One can state that after this move, white has shelved all hopes of
attacking and can only try to defend. The positional balance has also shifted
heavily in Black's favor.} ({Instead, necessary was} 24. Qd5 Qc7 25. Rb1 {
and the position is completely playable for both sides.}) 24... Re6 25. Qf3 Nb4
26. Re4 $2 Na6 $1 27. Qd1 Nc5 28. f3 ({If} 28. Re1 e4 $1 {and Black's
advantage is decisive.}) 28... Nxe4 29. fxe4 Qb4 30. Rb1 Rf8 31. Nh4 Qe7 32.
Qe1 Qg5 33. h3 h5 34. Qg3 hxg4 35. hxg4 Kg7 36. Kg2 Rh8 37. Nf3 Qe3 38. Ne1
Qe2+ 39. Kg1 Qa2 40. Rc1 Qxb3 41. Rc2 Qxa4 42. g5 Qa1 43. Kg2 a4 44. Rf2 Qc1
45. Rf1 a3 46. Nf3 Qe3 0-1

[Event "Nalchik FIDE GP"]
[Site "Nalchik"]
[Date "2009.04.22"]
[Round "7"]
[White "Gelfand, Boris"]
[Black "Eljanov, Pavel"]
[Result "0-1"]
[WhiteElo "2733"]
[BlackElo "2693"]
[Annotator "CB"]
[PlyCount "72"]
[EventDate "2009.04.15"]
[EventType "tourn"]
[EventRounds "13"]
[EventCountry "RUS"]
[EventCategory "19"]
[SourceTitle "CBM 130"]
[Source "ChessBase"]
[SourceDate "2009.05.20"]
[SourceVersion "1"]
[SourceVersionDate "2009.05.20"]
[SourceQuality "1"]

1. Nf3 Nf6 2. c4 e6 3. g3 d5 4. b3 c5 5. Bg2 Nc6 6. cxd5 exd5 7. O-O Bg4 8. h3
Bxf3 9. Bxf3 Bd6 10. Nc3 Be5 11. Ba3 Qa5 12. Bb2 O-O 13. Bg2 Rac8 14. Rc1 Qa6
15. a4 Rfe8 16. Ba3 Bxc3 17. dxc3 Na5 18. Re1 c4 19. bxc4 Nxc4 20. Ra1 Qe6 21.
Bc1 b6 22. Qd4 Na5 23. Qd3 Ne4 24. Bb2 Nc4 25. Bc1 Ne5 26. Qa6 h5 27. Be3 h4
28. g4 Rxc3 29. Bd4 Rc4 30. Bxe5 $2 (30. Bxe4 $1 Rxd4 (30... dxe4 $2 31. Bxe5
$1) 31. Bg2 Nc6 32. e3) 30... Qxe5 31. Qxa7 Nxf2 32. Kxf2 Qg3+ 33. Kf1 Rf4+ 34.
Bf3 Qxh3+ 35. Kg1 Qg3+ 36. Kh1 Rxf3 0-1

[Event "GBR-ch 100th"]
[Site "Torquay"]
[Date "2013.08.03"]
[Round "6"]
[White "Howell, David"]
[Black "Wells, Peter K"]
[Result "1-0"]
[WhiteElo "2639"]
[BlackElo "2479"]
[Annotator "CB"]
[PlyCount "61"]
[EventDate "2013.07.29"]
[EventType "swiss"]
[EventRounds "11"]
[EventCountry "ENG"]
[SourceTitle "CBM 155 Extra"]
[Source "ChessBase"]
[SourceDate "2013.08.26"]
[SourceVersion "1"]
[SourceVersionDate "2013.08.26"]
[SourceQuality "1"]

1. c4 e6 2. g3 d5 3. Bg2 dxc4 4. Na3 {Extravagant gespielt.} ({Meist wird hier
der Bauer mit} 4. Qa4+ {zurück gewonnen. Nach} Nd7 5. Nf3 Ngf6 6. Qxc4 c5 7.
O-O b6 {hat Weiß nicht viel erreicht:} 8. d4 Bb7 9. Rd1 cxd4 10. Bg5 Be7 11.
Nxd4 Bxg2 12. Kxg2 Qc8 13. Nd2 h6 14. Bxf6 Bxf6 15. Rac1 Qb7+ 16. N2f3 O-O 17.
Qc6 Qxc6 18. Nxc6 Nc5 19. b4 Rfc8 20. Nfd4 e5 21. Nb3 Rxc6 22. bxc5 Rac8 23.
Rd6 bxc5 24. Rxc6 Rxc6 25. Rxc5 Rxc5 26. Nxc5 Be7 27. Nd3 e4 28. Ne5 f6 29. Nc6
Bc5 30. Nd8 Bb6 31. Nb7 f5 32. Nd6 g6 33. f3 exf3+ 34. Kxf3 Kg7 {1/2-1/2 (34)
Aronian,L (2782)-Gelfand,B (2750) Nice 2010}) 4... Bxa3 5. bxa3 $5 ({Mit} 5.
Qa4+ {könnte Weiß auch ohne Doppelbauern auf a3 zürücknehmen. Nach} Nc6 6.
Qxa3 Nge7 7. Qa4 e5 8. Qxc4 Be6 9. Qa4 O-O {steht Schwarz allerdings sehr
bequem.}) 5... Ne7 ({In der Stammpartie folgte} 5... c6 6. Bb2 Nf6 7. Qc2 b5 8.
Nf3 Bb7 9. O-O Nbd7 10. Rfd1 Qb6 11. a4 a6 12. Rab1 O-O 13. Bxf6 Nxf6 14. Qxc4
c5 15. d3 Rab8 16. axb5 Bd5 17. Qc2 axb5 18. Rb2 Rfc8 19. e4 Ba8 20. a4 b4 21.
Ne5 Qa7 22. Rc1 Nd7 23. Nxd7 Qxd7 24. Qb3 Bb7 25. Rbc2 Ba6 26. Bf1 Qd4 27. Qb2
b3 28. Rc3 Rb4 29. Rb1 Rcb8 30. Qc1 b2 31. Qc2 h6 32. Kg2 Bb7 33. Rxc5 Rxa4 34.
Rb5 Rb4 35. Rxb4 Qxb4 36. Be2 Ba6 37. h4 Qd4 38. Qd2 Rb4 39. Qe3 Qc3 40. Qa7
Bxd3 41. Bh5 Bxe4+ 42. Kh2 Rb7 43. Qa8+ Kh7 44. Bxf7 Qd3 {1-0 (44) Kortschnoj,
V (2640)-Kharitonov,A (2515) Royan 1988}) 6. Bb2 O-O 7. Qc2 Nbc6 8. Nf3 e5 $5 {
Schwarz befreit seinen Lc8 auf Kosten eines Bauern.} ({Naheliegender war} 8...
Qd6 9. Qxc4 e5) 9. Nxe5 Nxe5 10. Bxe5 Nc6 11. Bxc6 (11. Bb2 Be6 {und nun hält
Schwarz den c4 fest.}) 11... bxc6 12. Qxc4 Re8 13. Bf4 Be6 (13... Bh3 $5) 14.
Qc3 Bxa2 {Schwarz hatte noch diese kleine Kombi in petto. Ob es so wichtig war,
den Bauern a2 zu erobern, ist allerdings eher fraglich.} 15. f3 (15. Rxa2 Qd5)
15... Bd5 16. Kf2 ({Auf} 16. e4 {folgt} f5) 16... f5 {Schwarz wehrt sich gegen
das drohende e4, wonach Weiß großes Übergewicht im Zentrum erhielte.} 17.
Rab1 Rb8 18. Rxb8 Qxb8 19. Be3 Re6 20. Qd3 Qf8 21. Rb1 {Der weiße Vorteil ist
offensichtlich. Weiß hat freie Hand am Damenflügel, könnte aber auch seine
Zentrumsmehrheit mobilisieren.} a5 22. Rb7 Qc8 23. Ra7 Re8 24. Rxa5 Qe6 25. Qd4
({Präziser war} 25. Ra7 Rc8 26. Qd4) 25... g5 26. Ra7 f4 27. gxf4 Qh3 28. Kg1
Rb8 ({Verpasst} 28... Qh4 {, was Matt, beginnend mit De1, droht und das
schwarze Gegenspiel am Leben gehalten hätte.} 29. Bf2 (29. Kg2 $2 g4 $11)
29... Qxf4 30. Qxf4 gxf4 31. Kf1 {und Schwarz kann noch ums Remis kämpfen.})
29. Qa1 Qf5 (29... g4 30. Rxc7 $18) 30. Qe5 Rb1+ 31. Kf2 (31. Kf2 Qxe5 32. fxe5
h6 33. Rxc7 {mit drei Minusbauern.}) 1-0

[Event "Bucharest ENE"]
[Site "Bucharest"]
[Date "1993.??.??"]
[Round "9"]
[White "Schwartzman, Gabriel"]
[Black "Panchenko, Alexander N"]
[Result "1-0"]
[WhiteElo "2480"]
[BlackElo "2475"]
[Annotator "Chekhov,V"]
[PlyCount "80"]
[EventDate "1993.??.??"]
[EventType "tourn"]
[EventRounds "11"]
[EventCountry "ROU"]
[EventCategory "8"]
[SourceTitle "CBM 040"]
[Source "ChessBase"]
[SourceDate "1994.06.01"]
[SourceVersion "1"]
[SourceVersionDate "1994.06.01"]
[SourceQuality "1"]

1. c4 {Ribli} e6 2. g3 d5 3. Bg2 Nf6 4. Nf3 dxc4 5. Qa4+ Nbd7 6. Qxc4 c5 7. Qb3
Rb8 8. d3 Bd6 9. a4 (9. Nc3 a6 10. Ng5 (10. Nd2 $5) 10... b6 11. Nge4 Bc7 12.
O-O O-O 13. Rd1 Bb7 14. d4 cxd4 15. Rxd4 Be5 16. Nxf6+ Bxf6 17. Rd1 $14 {
Barbero,G-Luther,T/Kobenhavn/1991/1:0 (44)}) 9... b6 10. Na3 (10. Nc3 a6 11.
O-O Bb7 12. Rd1 O-O 13. d4 Qe7 14. Bg5 h6 15. Bxf6 Nxf6 16. e3 Rfd8 17. Qc4
Rbc8 18. Qe2 cxd4 19. Nxd4 Be5 20. Bxb7 Qxb7 $10 {Korchnoi,V-Cifuentes Parada,
R/Polanica Zdroj/1992/ Inf 55/10/}) 10... a6 11. Nc4 Bc7 12. Bd2 Bb7 13. O-O
O-O 14. Rfc1 (14. Qa3 Ra8 15. b4 b5 16. axb5 axb5 17. Na5 Bxa5 18. bxa5 {
Foisor,O-Luther,T/Corfu/1991/ Inf 52/18/} Ra6 $5 19. Qb2 Bc6 20. Rfc1 Qa8 21.
Be3 $13 {Foisor/}) 14... Ba8 $5 $146 (14... b5 $5 15. axb5 axb5 16. Na5 Bd5 17.
Qc2 Ra8 18. b4 Bxa5 19. bxa5 $14 {Salov,V-Oll,L/Wijk aan Zee/1993/1:0 (68) Inf
56/18/}) (14... Qe7 $5 $13 {Ribli Nielsen,PH-Kiselev,S/Pinsk/1993/}) 15. Qc2
Qe7 16. Qb1 b5 17. axb5 axb5 18. Na5 Bd6 19. b4 $1 $16 Rfc8 (19... cxb4 $2 20.
Nd4 $1) 20. bxc5 Nxc5 (20... Rxc5 21. Nd4) 21. d4 Nce4 22. Rxc8+ Rxc8 23. Qxb5
Bd5 (23... Nxd2 {Ribli} 24. Nxd2 Bxg2 25. Kxg2 Qc7 26. Ndc4 $16) 24. Be1 Qc7
25. Qd3 Qc2 26. Ne5 $1 Bxe5 (26... Qxd3 27. Nxd3 $16) 27. Qxc2 (27. dxe5 Qb2)
27... Rxc2 28. dxe5 Nd7 29. Rd1 $1 f5 (29... Nxe5 30. Bxe4 $18) 30. exf6 Ndxf6
(30... Nexf6 31. e4 Ba8 32. e5 Bxg2 33. exf6 Bh3 34. f7+ Kf8 35. Bb4+ $18) 31.
f3 Nc3 32. Bxc3 Rxc3 33. e4 Rc5 $2 (33... Bc4 $5) 34. exd5 Rxa5 35. dxe6 $18
Kf8 36. Rb1 Ke7 37. Bh3 (37. Rb7+ Kxe6 38. Rxg7 Ra1+ 39. Bf1 Nd5 $16) 37... g5
(37... Ra7 $5) 38. Rb7+ Kd6 39. e7 (39. Rf7 $5) 39... Re5 40. f4 gxf4 (40...
gxf4 41. gxf4 Re4 (41... Re3 42. Bf5) 42. Kg2 Rxf4 43. Rd7+ Kc6 44. Rd8 Re4 45.
Rf8 $18) 1-0

[Event "Haninge"]
[Site "Haninge"]
[Date "1989.??.??"]
[Round "?"]
[White "Andersson, Ulf"]
[Black "Arnason, Jon Loftur"]
[Result "1-0"]
[WhiteElo "2620"]
[BlackElo "2550"]
[Annotator "ChessBase"]
[PlyCount "73"]
[EventDate "1989.??.??"]
[EventType "tourn"]
[EventRounds "11"]
[EventCountry "SWE"]
[EventCategory "13"]
[SourceTitle "CBM 013"]
[Source "ChessBase"]
[SourceDate "1989.12.01"]
[SourceVersion "1"]
[SourceVersionDate "1989.12.01"]
[SourceQuality "1"]

1. Nf3 Nf6 2. c4 e6 3. g3 a6 4. Bg2 b5 5. b3 c5 6. O-O Bb7 7. Nc3 Qb6 {Black
plays ambitiously, but the old rule not to bring your Q out in the opening
applies here as well.} 8. e3 Be7 9. Qe2 O-O 10. Rd1 (10. cxb5 $2 axb5 11. Qxb5
Qxb5 12. Nxb5 Ba6 $19) 10... Ne4 $6 {Black starts operating without having
developed his Q-side. Thereby ignoring another old guideline for openingplay.}
11. Nxe4 Bxe4 12. d3 Bf6 13. Bb2 Bxb2 14. Qxb2 Bc6 {Preparing for d6 and Qd7,
but its a time consuming plan.} 15. Rac1 d6 16. d4 $1 {White is three moves
ahead in development and consequently opens the game up.} bxc4 17. dxc5 Qb7 {
With this finesse Black hopes to get time to bring his N out.} 18. Ne1 Bxg2 19.
Nxg2 d5 20. e4 $1 Rc8 $2 (20... dxe4 {Better according to Ulf Andersson.} 21.
Rxc4 Nc6 22. Rxe4 e5 {To the cost of a P Black is finally developed and Qd4
might stir up some counterplay.}) 21. exd5 exd5 22. Ne3 Rxc5 23. Qd4 $1 Qa7 (
23... Nd7 24. Nxd5 $18) 24. Rxc4 $1 {The weak back-rank, created by blacks
reluctance to develop his Q, is the winning theme.} Rxc4 25. Qxc4 Nd7 26. Qxd5
Nf6 27. Qd8+ Ne8 28. Qa5 Qe7 29. Qb6 h6 30. Qc6 {Andersson combines his
kingside attack with pressure against a6. Once he gets the initiative he
rarely lets it go.} Ra7 31. Qc8 Kh7 32. h4 h5 33. Rd8 Nd6 34. Rh8+ Kg6 35. Qc5
f5 36. Nd5 Qe1+ 37. Kh2 $138 {Everything is loose now. This game shows in a
nice fashion how important it is to develop in time. [Tom Wedberg]} 1-0

[Event "ESP-chT"]
[Site "Cala Galdana"]
[Date "2001.10.15"]
[Round "3"]
[White "Cifuentes Parada, Roberto"]
[Black "Karpov, Anatoly"]
[Result "1/2-1/2"]
[WhiteElo "2522"]
[BlackElo "2692"]
[Annotator "Cifuentes Parada,L"]
[PlyCount "49"]
[EventDate "2001.10.13"]
[EventType "team"]
[EventRounds "9"]
[EventCountry "ESP"]
[SourceTitle "CBM 084 Extra"]
[Source "ChessBase"]
[SourceDate "2001.10.26"]
[SourceVersion "1"]
[SourceVersionDate "2001.10.26"]
[SourceQuality "1"]

1. Nf3 Nf6 2. c4 e6 3. g3 d5 4. Bg2 dxc4 (4... c6 {'Ribli: Meiner Meinung nach
bietet diese Variante Schwarz gute Chancen auf Ausgleich. 4...Be7 5.d4 führt
zur Katalanischen Verteidigung. In unserer Partie kommt Weiß nicht so leicht
zu d2-d4.'} 5. b3 a5 $5 {'Ein interassanter Versuch, den weißen Damenflügel zu
provozieren.'} 6. Bb2 a4 7. Na3 (7. O-O a3 8. Bc1 b5 9. d4 Be7 10. c5 b4 11.
Ne1 $6 {'Der weiße Plan ist klar. Er will Nd3 und Nd2 spielen, und dann e2-e4
ziehen.'} (11. Ne5 $1 Nfd7 12. Nd3 Bxc5 13. Nxc5 Nxc5 14. Nxa3 bxa3 15. dxc5
$14) 11... Na6 12. Nd2 $13 {Die Stellung am Damenflügel ist geschlossen. Weiß
möchte nach Vorbereitung mit e2-e4 "sprengen".} e5 {GM Cifuentes spielt immer
aktiv. Eine interessante Frage lautet: Wie kann Weiß vorwärts kommen, wenn
Schwarz diesen Zug vermeidet und die Stellung nur hält.} 13. dxe5 Nd7 14. e4 $1
Ndxc5 15. exd5 cxd5 16. Ndf3 Ne4 17. Nd4 {Weiß hat die Bauernmehrheit am
Königsflügel, und der Springer steht besonders gut auf d4. Am Damenflügel hat
Schwarz Raumvorteil, aber der Bauer auf b4 kann schwach werden.} Nc3 18. Qh5
Qb6 19. Be3 Bc5 20. Nef3 O-O 21. Rfe1 {Ein guter Vorbereitungszug. Er
verhindert das eventuell mögliche schwarze Springerschach auf e2, und der Turm
steht gut auf die e-Linie.} Bd7 $2 {Nikolic,P-Cifuentes Parada,R/Rotterdam 1997
} (21... Nc7 $1 $13 {Nach meiner Meinung wäre es logisch so spielen, denn der
Springer steht schlecht auf a6. Auf c7 kontrolliert er den Punkt e6.}) 22. e6
$1 $16) 7... Bd6 $1 8. O-O Qe7 9. Qc1 O-O 10. d3 (10. d4 b6 $1 11. Ne5 Bb7 12.
Nc2 $6 (12. f4 $5) 12... c5 $1 13. Nd3 dxc4 14. Bxb7 Qxb7 15. bxc4 cxd4 16.
Bxd4 Nbd7 17. Rb1 Qe4 $1 $17 {Pomes,J-Cifuentes,R/ Terres Catalanes 1997})
10... Nbd7 (10... Na6 $5 11. d4 b6 12. Ne5 Bb7) 11. cxd5 exd5 12. Nd4 Ne5 13.
Nac2 Bd7 14. b4 Rfe8 15. Rb1 Rac8 16. Ba1 b6 17. Ne3 g6 18. Qd2 c5 $1 (18...
Rb8 $2 19. Ndc2 $1 Neg4 20. Rfe1 Nxe3 21. Nxe3 Be5 22. Bxe5 {1/2-1/2 Matamoros,
C-Cifuentes,R/España (tt)2001}) 19. bxc5 bxc5 20. Nb5 d4 21. Nxd6 Qxd6 22. Nc2
Bc6 $1 $15) 5. Qa4+ Nbd7 (5... c6 $5) 6. Qxc4 c5 7. d3 $5 (7. a4 $143 b6 $1 8.
O-O Bb7 9. Nc3 Be7 10. d3 O-O 11. a5 Bxf3 12. Bxf3 Ne5 13. Qf4 Nxf3+ 14. Qxf3
Nd5 15. Bd2 Bf6 $11 16. Ra4 $6 Nxc3 17. bxc3 b5 $1 18. Ra2 a6 $15 19. c4 b4 20.
Be3 Rc8 21. Qb7 Qd6 22. Bf4 e5 23. Be3 Rc6 $1 $17 24. f4 Rfc8 25. fxe5 Qxe5 26.
Rf3 Qe8 27. Bf4 g5 28. Bc1 R8c7 $19 29. Qxc7 Bd4+ 30. e3 Rxc7 31. exd4 Re7 32.
dxc5 Re1+ 33. Rf1 Rxc1 34. Rxc1 Qe3+ 35. Kg2 Qxc1 36. c6 Qe3 37. c7 Qc5 {
0-1 Ljubojevic,Ljubomir-Cifuentes,R/Chile 1988}) 7... Be7 (7... Bd6 $142) (7...
b6 $4 8. Nd4 Ne5 (8... Nd5 9. Bxd5 exd5 10. Qxd5 Rb8 11. Qe4+ Qe7 12. Qxe7+
Bxe7 13. Nc6 $18) 9. Nc6 $1 $16 Nxc6 (9... Nxc4 $2 10. Nxd8 $18) 10. Bxc6+ Bd7
11. Bxa8 Qxa8 12. f3 h5 (12... b5 13. Qc2 Be7 14. e4 O-O 15. Be3 Rc8 16. Nd2 e5
17. O-O Qc6 18. a4 bxa4 19. Nc4 Qe6 20. Qc3 Bb5 21. Nxe5 Bd6 22. Nc4 Bb8 23.
Rac1 h5 24. Qd2 h4 25. g4 h3 26. Bf4 Rd8 27. Be3 Nxg4 28. Kh1 Ne5 29. Qa5 Qe8
30. Nxe5 Bxe5 31. Rxc5 Rb8 32. Qd2 Rd8 33. Qa5 Rb8 34. Rf2 Bd6 35. Rd5 Bf8 36.
Bf4 Qc6 37. Qc3 Rc8 38. Rxb5 Qxb5 39. Qxc8 Qxd3 40. Qc2 {1-0 Tregubov,P-Monin,
N/St.Petersburg 1993/TD 93\09 (40)}) 13. Nc3 h4 14. g4 Qc6 15. a4 Bd6 16. h3
Nd5 17. Bd2 O-O 18. e4 Nf4 19. Ne2 Nxe2 20. Kxe2 Be5 21. Bc3 Qd6 22. Rad1 Rd8
23. Bxe5 Qxe5 24. d4 cxd4 25. Rxd4 Rc8 26. Qd3 Bxa4 27. Rd8+ Rxd8 28. Qxd8+ Kh7
29. Qxh4+ Kg8 30. Qd8+ Kh7 31. Qh4+ Kg8 32. Qd8+ Kh7 33. Qd2 f5 34. Ke3 fxe4
35. f4 Qc5+ 36. Qd4 Qc2 37. Ra1 Bc6 38. Qc3 Qxc3+ 39. bxc3 a5 40. c4 a4 41. Rb1
e5 42. fxe5 {1-0 Sher,M-Polgar,S/Aarhus 1993/EXT 93 (42)}) 8. O-O O-O 9. Qb3
Qb6 $146 (9... Nd5 10. Nc3 N7f6 11. d4 Qa5 12. Nxd5 Nxd5 13. dxc5 Bxc5 14. Bd2
Qa6 15. Qc2 Be7 16. e4 Nf6 17. Ne5 $14 Nd7 18. Nd3 Rd8 19. Rfd1 Nf6 20. Bb4
Bxb4 21. Nxb4 Qa5 22. Rxd8+ Qxd8 23. e5 Nd5 24. Rd1 Qe7 25. Nxd5 exd5 26. Rxd5
Be6 27. Rc5 Rd8 28. h4 h6 29. Rc7 Rd7 30. Rc8+ Rd8 31. Rxd8+ Qxd8 32. a3 b6 33.
Qa4 Qd2 34. Qxa7 Qxb2 {1-0 Makarov,M-Petrosian,A/Moscow 1991/TD 91\03 (34)})
10. Qc2 $1 (10. Qxb6 $143 Nxb6 11. Nc3 Nbd5 12. Bd2 b6 $11) 10... Nd5 11. Nc3
Rd8 12. Bg5 f6 13. Bd2 Nf8 14. Rfc1 $14 Nb4 15. Qb3 (15. Qd1 e5) 15... Bd7 16.
Be3 {/\d4} (16. Nh4 $6 {/\Nf5} Kh8 $1 17. a3 Nc6 18. Qxb6 axb6 19. Nf3 Na5 $1)
16... Nc6 17. d4 (17. Nd2 $5 {Karpov,An.} Qxb3 18. Nxb3 b6 19. a4 Rab8 20. a5
Be8 21. axb6 axb6 22. Nd2 $14) (17. Qa3 $143 Qa5 $1 18. Qxa5 Nxa5 19. Rc2 Rac8
20. Rac1 b6 21. Ne4 Nc6 22. a3 e5 $15) 17... Na5 $1 $11 (17... cxd4 $6 18. Qxb6
axb6 19. Nxd4 $14) 18. Qxb6 axb6 19. dxc5 bxc5 20. Ne4 b6 21. b4 cxb4 22. Bxb6
Rdb8 23. Bc7 $1 (23. Bc5 $2 b3 $1) 23... b3 $1 $11 (23... Rc8 24. Bd6 Nc6 25.
Ne1 Kf7 26. Nd3 $14) 24. axb3 Nxb3 25. Bxb8 1/2-1/2